Kalkınan Türkiye 1983 - 1990 (Record no. 830)

MARC details
000 -BAŞLIK
Sabit Uzunlukta Kontrol Alanı 01186na a2200373 4500
001 - KONTROL NUMARASI
Denetim Alanı 18233
003 - KONTROL NUMARASI IDENTIFIER
Denetim Alanı MIRAKIL
005 - SON İŞLEM TARİHİ VE ZAMANI
Denetim Alanı 20181213154803.0
008 - SABİT-BOY VERİ ELEMANLARI - GENEL BİLGİLER
Sabit Uzunlukta Kontrol Alanı 161115b tu 000 0
040 ## - KATALOGLAMA KAYNAK
Orijinal Kataloglama Ajansı Milas
Kataloglama Dili tur
Metne Dönüştürmek Ajansı TR-AnCHP
041 ## - DİL KODU
Metin / Ses Parça Veya Ayrı Başlığın Dil Kodu tur
082 ## - DEWEY ONLU SINIFLANDIRMA NUMARASI
Sınıflandırma Numarası 330.9561
Ürün Numarası K24 1990
090 ## - SINIFLAMA NUMARASI
Sınıflama Numarası 330.9561 K24 1990
245 ## - BAŞLIK TABLOSU
Başlık Kalkınan Türkiye 1983 - 1990
Başlığın Kalan Rakamlarla icraatımız
Sorumluluk Tablosu, Vb Haz.Başbakanlık Ekonomik ve Mali İşler Başkanlığı
246 ## - UNVAN FORM VARYING
Başlık Doğru / Kısa Başlığı Rakamlarla icraatımız
260 ## - YAYIN, DAĞITIM, VB
Yayın, Dağıtım, Vb Yeri [Ankara]
Yayıncı, Dağıtıcı, Vs Adı T. C. Başbakanlık
Yayın, Dağıtım, Vb Tarihi 1990
300 ## - FİZİKSEL TANIM
Kapsam 142 s.
Diğer Fiziksel Ayrıntıları tbl.;graf.
Boyutlar 23 sm.
505 ## - BİÇİMLENDİRİLDİ İÇİNDEKİLER NOT
Biçimlendirilmiş İçeriği Dikkat Gap
505 ## - BİÇİMLENDİRİLDİ İÇİNDEKİLER NOT
Biçimlendirilmiş İçeriği Dikkat Adalet
505 ## - BİÇİMLENDİRİLDİ İÇİNDEKİLER NOT
Biçimlendirilmiş İçeriği Dikkat Kültür-Sanat
505 ## - BİÇİMLENDİRİLDİ İÇİNDEKİLER NOT
Biçimlendirilmiş İçeriği Dikkat Bilim-Teknoloji
505 ## - BİÇİMLENDİRİLDİ İÇİNDEKİLER NOT
Biçimlendirilmiş İçeriği Dikkat Savunma-Güvenlik
505 ## - BİÇİMLENDİRİLDİ İÇİNDEKİLER NOT
Biçimlendirilmiş İçeriği Dikkat Para-Banka-Kredi
505 ## - BİÇİMLENDİRİLDİ İÇİNDEKİLER NOT
Biçimlendirilmiş İçeriği Dikkat Kit-Yatırım-Teşvik
505 ## - BİÇİMLENDİRİLDİ İÇİNDEKİLER NOT
Biçimlendirilmiş İçeriği Dikkat Toplu Konut-İnşaat
505 ## - BİÇİMLENDİRİLDİ İÇİNDEKİLER NOT
Biçimlendirilmiş İçeriği Dikkat Ulaştırma-Haberleşme
505 ## - BİÇİMLENDİRİLDİ İÇİNDEKİLER NOT
Biçimlendirilmiş İçeriği Dikkat G.S.M.H.-İthalat-İhracat
505 ## - BİÇİMLENDİRİLDİ İÇİNDEKİLER NOT
Biçimlendirilmiş İçeriği Dikkat Sağlık-Sosyal-Yardımlaşma
505 ## - BİÇİMLENDİRİLDİ İÇİNDEKİLER NOT
Biçimlendirilmiş İçeriği Dikkat Turizm-Eğitim-Gençlik-Spor
505 ## - BİÇİMLENDİRİLDİ İÇİNDEKİLER NOT
Biçimlendirilmiş İçeriği Dikkat Sanayi-Tarım-Enerji-Madencilik
651 ## - KONU KATMA GİRİŞ - COĞRAFİ ADI
Coğrafi İsim Türkiye
Genel Alt Bölümü Kalkınma
Kronolojik Alt Bölümü 1983-1990
710 ## - KATMA GİRİŞ - KURUMSAL ADI
Giriş Elemanı Olarak Kurumsal Ad Veya Yargı Alanı Adı T. C. Başbakanlık
Alt Birim Ekonomik ve Mali İşler Başkanlığı
942 ## - EKLENDİ GİRİŞ ELEMANLARI (KOHA)
Sınıflandırma Veya Raf Düzeni Kaynak Dewey Decimal Classification
Koha Öğesi Türü Books
999 ## - SİSTEM KONTROL NUMARALARI (KOHA)
Koha Biblionumber 830
Koha Biblioitemnumber 830
Holdings
Kalıcı Konum Mevcut Konum Edinme Tarihi Edinim Kaynak Toplam Check-Out'Lar Tam Çağrı Numarası Barkod Tarih Son Görülme İtibaren Geçerli Fiyatlar Koha Öğesi Türü
CHP Kütüphanesi CHP Kütüphanesi 11/15/2016 Bağış   330.9561 K24 1990 009827 11/15/2016 11/15/2016 Books